|
|
|
|
| LEADER |
03496nam a22005655i 4500 |
| 001 |
978-3-642-22984-8 |
| 003 |
DE-He213 |
| 005 |
20151204144212.0 |
| 007 |
cr nn 008mamaa |
| 008 |
120303s2012 gw | s |||| 0|eng d |
| 020 |
|
|
|a 9783642229848
|9 978-3-642-22984-8
|
| 024 |
7 |
|
|a 10.1007/978-3-642-22984-8
|2 doi
|
| 040 |
|
|
|d GrThAP
|
| 050 |
|
4 |
|a QC176.8.N35
|
| 050 |
|
4 |
|a T174.7
|
| 072 |
|
7 |
|a TBN
|2 bicssc
|
| 072 |
|
7 |
|a SCI050000
|2 bisacsh
|
| 082 |
0 |
4 |
|a 620.5
|2 23
|
| 245 |
1 |
0 |
|a Graphene Nanoelectronics
|h [electronic resource] :
|b Metrology, Synthesis, Properties and Applications /
|c edited by Hassan Raza.
|
| 264 |
|
1 |
|a Berlin, Heidelberg :
|b Springer Berlin Heidelberg,
|c 2012.
|
| 300 |
|
|
|a XXIII, 598 p. 277 illus., 202 illus. in color.
|b online resource.
|
| 336 |
|
|
|a text
|b txt
|2 rdacontent
|
| 337 |
|
|
|a computer
|b c
|2 rdamedia
|
| 338 |
|
|
|a online resource
|b cr
|2 rdacarrier
|
| 347 |
|
|
|a text file
|b PDF
|2 rda
|
| 490 |
1 |
|
|a NanoScience and Technology,
|x 1434-4904
|
| 505 |
0 |
|
|a Introduction -- Scanning Tunneling Microscopy and Spectroscopy of Graphene -- Epitaxy of Graphene on Metals -- The Electronic Properties of Adsorbates on Graphene -- PN Junction Devices in Graphene -- Magneto-transport in Graphene Nanostructures -- Modeling and Simulation: from Graphene Chemistry to Electronic circuits -- Ab-initio Calculations of Graphene Oxide -- Quantum to Boltzmann Transport in Graphene -- Field-Modulation in Armchair Graphene Nanoribbons -- Field-Modulation in Bilayer Graphene -- Theory of Mesoscopic Graphene Systems, Rings and Superlattices -- Possible Ordered States in Graphene Systems -- Conduction in Graphene Nanoribbons -- Electronic and Transport Properties of Nanographene and Nanoribbons -- Electronic Structure of Monolayer and Bilayer Graphene Nanoribbons and their Device Application: A Computational Study -- Epitaxy of Graphene on SiC.
|
| 520 |
|
|
|a Graphene is a perfectly two-dimensional single-atom thin membrane with zero bandgap. It has attracted huge attention due to its linear dispersion around the Dirac point, excellent transport properties, novel magnetic characteristics, and low spin-orbit coupling. Graphene and its nanostructures may have potential applications in spintronics, photonics, plasmonics and electronics. This book brings together a team of experts to provide an overview of the most advanced topics in theory, experiments, spectroscopy and applications of graphene and its nanostructures. It covers the state-of-the-art in tutorial-like and review-like manner to make the book useful not only to experts, but also newcomers and graduate students.
|
| 650 |
|
0 |
|a Physics.
|
| 650 |
|
0 |
|a Nanoscale science.
|
| 650 |
|
0 |
|a Nanoscience.
|
| 650 |
|
0 |
|a Nanostructures.
|
| 650 |
|
0 |
|a Electronic circuits.
|
| 650 |
|
0 |
|a Nanotechnology.
|
| 650 |
|
0 |
|a Materials
|x Surfaces.
|
| 650 |
|
0 |
|a Thin films.
|
| 650 |
1 |
4 |
|a Physics.
|
| 650 |
2 |
4 |
|a Nanoscale Science and Technology.
|
| 650 |
2 |
4 |
|a Nanotechnology.
|
| 650 |
2 |
4 |
|a Nanotechnology and Microengineering.
|
| 650 |
2 |
4 |
|a Electronic Circuits and Devices.
|
| 650 |
2 |
4 |
|a Surfaces and Interfaces, Thin Films.
|
| 700 |
1 |
|
|a Raza, Hassan.
|e editor.
|
| 710 |
2 |
|
|a SpringerLink (Online service)
|
| 773 |
0 |
|
|t Springer eBooks
|
| 776 |
0 |
8 |
|i Printed edition:
|z 9783642204678
|
| 830 |
|
0 |
|a NanoScience and Technology,
|x 1434-4904
|
| 856 |
4 |
0 |
|u http://dx.doi.org/10.1007/978-3-642-22984-8
|z Full Text via HEAL-Link
|
| 912 |
|
|
|a ZDB-2-PHA
|
| 950 |
|
|
|a Physics and Astronomy (Springer-11651)
|